000 00477nam a2200133Ia 4500
008 220216s9999 xx 000 0 und d
100 _aSatheesan K V
245 0 _aClonal and seasonal variation in osmotic concentration of latex and lutoid serums of Hevea brasiliensis Muell. Arg
260 _bProceedings of the Sixth International Congress on Photosynthesis, Brussels, 1983
_c1983
700 _aRaghavendra A S
700 _aRao G G
700 _aSethuraj M R
942 _cJS
999 _c55708
_d55708